MARC

LEADER 00000nam0a2200000 4500
001 28700
005 20231030202936.0
035 |a (RuTPU)RU\TPU\book\28957 
035 |a BOOK00000682 
090 |a 28700 
100 |a 20011209d1993 m y0rusy50 ca 
101 0 |a rus 
102 |a RU 
105 |a a j 000zy 
200 1 |a Методическое пособие к выполнению заданий по курсам "Метрология и технологические измерения" и "Технические средства электроавтоматики"  |f Е. И. Фандеев, В. П. Авдеев; НПИ 
210 |a Новочеркасск  |c Изд-во НПИ  |d 1993 
215 |a 80 с. 
610 1 |a кибернетика 
610 1 |a метрология 
610 1 |a технологические измерения 
610 1 |a электроавтоматика 
610 1 |a технические средства 
610 1 |a мостовые измерительные системы 
610 1 |a усилительные устройства 
610 1 |a расчеты 
610 1 |a задачи 
610 1 |a учебные пособия 
675 |a 681.527(076.5)  |v 3 
700 1 |a Фандеев  |b Е. И.  |g Евгений Иванович 
701 1 |a Авдеев  |b В. П.  |g Виктор Петрович 
712 0 2 |a Новочеркасский политехнический институт им. Серго Орджоникидзе 
801 0 |a RU  |b 63413507  |c 20011209  |g PSBO 
801 2 |a RU  |b 63413507  |c 20081002  |g PSBO 
942 |c BK